000 00477nam a2200205Ia 4500
005 20250425162004.0
008 250425s9999 xx 000 0 und d
020 _a8432963014
041 _aspa
082 _a621.3813
100 _aRUIZ VASSALLO, FRANCISCO
245 0 _aFORMULARIO DE ELECTRONICA
250 _a6A ED.
260 _aBARCELONA
260 _aEspaƱa
_bCEAC
_c1990
300 _a217
650 _aELECTRONICA-FORMULAS
942 _c01
010 _a38862
999 _c220192
_d220192